000 00371nam a2200133Ia 4500
005 20260328101440.0
008 260328s9999||||xx |||||||||||||| ||und||
100 _aKlamkin, Charles
245 0 _aBarns :
_b Thier History, preservation and restoration /
_cCharles Klamkin
260 _bHawthorn Books
300 _a162 p.
650 _aARQUITECTURA RESIDENCIAL
942 _cBK
999 _c8225
_d8225